| 000 | 00981nam a22002537a 4500 | ||
|---|---|---|---|
| 999 |
_c18536 _d18536 |
||
| 003 | AR-CdUCM | ||
| 008 | 190514b ||||| |||| 00| 0 spa d | ||
| 020 | _a84-285-03338-9 | ||
| 040 |
_aMUNICIPALIDAD PROVINCIAL DEL CUSCO _cBIBLIOTECA MUNICIPAL DEL CUSCO |
||
| 041 | _hfre | ||
| 082 |
_22ed. _a282 / _bV83 |
||
| 100 |
_aVoillaume, René _939180 |
||
| 245 | _aOración en el desierto / | ||
| 260 |
_aMadrid : _bEdiciones Paulinas, _c1972. |
||
| 300 |
_a263 páginas ; _c21 cm. |
||
| 440 |
_aLa Mies / Nueva Serie. _939181 |
||
| 505 | _aContenido: En respuesta a una llamada -- Fundamentos de la vida religiosa -- El entorno vital de una vida en fraternidad -- Obediencia y libertad en Cristo -- Comunidad fraterna y misterio pascual -- El compromiso del amor ... | ||
| 650 |
_aReligión _91195 |
||
| 650 |
_aTeología _93537 |
||
| 650 |
_aEvangelización _93112 |
||
| 700 |
_aSagastiberri, Joaquin (traducción) _939182 |
||
| 942 |
_2ddc _cLIBROS |
||
| 945 |
_apjha _d2019-05-17 |
||